| 000 | 00651nam a2200241 i 4500 | ||
|---|---|---|---|
| 001 | bg | ||
| 100 | 1 | _aKOSZKUL, Józef | |
| 245 | 1 | 0 |
_aMateriały polimerowe / _cJózef Koszkul ; Politechnika Częstochowska. |
| 260 |
_aCzęstochowa : _bWydaw. PC, _c1999. |
||
| 300 |
_a174 s. : _bil. ; _c24 cm. |
||
| 504 | _aBibliogr. | ||
| 650 | 9 | _aTworzywa sztuczne | |
| 650 | 9 | _aPolimeryzacja | |
| 655 | _aPodręczniki akademickie | ||
| 710 | 0 | _aPolitechnika Częstochowska | |
| 020 | _a8371930844 | ||
| 040 | _cBPK | ||
| 041 | 0 | _apl | |
| 080 | _a678.7(075.8) | ||
| 920 | _a83-7193-084-4 | ||
| 942 | _cKS | ||
| 008 | s pl f |000 0 pol | ||
| 999 |
_c38391 _d38391 |
||
| 856 |
_uhttp://koha.tu.koszalin.pl/cgi-bin/koha/opac-detail.pl?biblionumber=38391 _yKatalog online BPK |
||